Statistiken für Straßenbahnstationen am Ring (Wien)

Klicken Sie hier um das Quiz zu spielen!

Allgemein

  • Dieses Quiz wurde 96 mal gespielt
  • Das Durchschnittsergebnis liegt bei 11 aus 14

Antwortstatistiken

StraßenbahnenStation% Korrekt
D, 1, 37, 38, 40, 41, 42, 43, 44, 71Schottentor
97%
D, 1, 2, 62, 71Oper
92%
1, 31Schottenring
92%
1, 2Schwedenplatz
91%
D, 1, 71Börse
89%
D, 1, 2, 71Parlament
89%
D, 1, 2, 46, 49, 71Ring/Volkstheater
88%
D, 1, 71Rathausplatz/Burgtheater
86%
D, 1, 2, 71Burgring
80%
D, 2, 71Schwarzenbergplatz
78%
2Stubentor
72%
1, 2Julius-Raab-Platz
58%
1Salztorbrücke
48%
2Weihburggasse
30%

Verteilung der Resultate

Perzentil nach korrekt beantworteten Fragen

Anzahl Personen mit jedem Resultat

Ihre Resultats-Entwicklung

Sie haben dieses Quiz noch nicht gespielt